000 00907cam a22003015a 4500
999 _c27184
_d27156
001 018312967
003 EG-ScBUE
005 20190221112928.0
008 170412t2018 enka frb 001 0 eng d
015 _aGBB771580
_2bnb
016 7 _a018312967
_2Uk
020 _a9781292153100 (pbk.)
020 _a1292153105 (pbk.)
040 _aStDuBDS
_beng
_cStDuBDS
_dEG-ScBUE
082 0 4 _a658.8342
_bSOL
_222
100 1 _aSolomon, Michael R.
245 1 0 _aConsumer behavior :
_bbuying, having, and being /
_cMichael R. Solomon.
250 _a12th ed., Global ed.
260 _aHarlow :
_bPearson Education,
_cc.2018.
300 _a623 p. :
_bill. (col.) ;
_c28 cm.
504 _aIncludes bibliographical references and index.
650 7 _aConsumer behavior.
_2BUEsh
650 7 _aMarket surveys.
_2BUEsh
651 _2BUEsh
653 _bBUSADM
_cFebruary2019
655 _vReading book
942 _2ddc